000 00845nmm a2200265 a 4500
001 ocm000785813
003 TR-IsHL
005 20201028143435.0
008 140412s2014 tu eng
007 cr cn
020 _a9781312026360
035 _a785813
_b(N$T)
050 0 4 _aBD41
_b.W4 2014
090 0 4 _aBD41
_b.W4 2014
100 1 _aWells, Herbert George
245 1 0 _aThe discovery of the future
_h[electronic resource] /
_cHerbert George Wells
260 _aİstanbul :
_bE-Kitap Projesi,
_c2014
300 _a25 p.
650 4 _aFelsefe, Psikoloji ve Din
650 4 _aPhilosophy, Psychology and Religion
650 0 _aFelsefe
650 0 _aPhilosophy
650 7 _aPHILOSOPHY / History & Surveys / General
_2bisacsh
856 4 0 _uhttp://search.ebscohost.com/login.aspx?direct=true&scope=site&db=e011xww&AN=785813
999 _c8899
_d8899